• 首页
  • 本馆介绍
  • 公告通知
  • 最新文献
  • 馆藏检索
  • 电子资源
  • 读者导购
  • 参考咨询
  • 我的图书馆
  • 登录
  • 详细信息显示
  • 放入我的书架
  • 预约/预借图书
  • 作者相关作品
  • 分类相关作品
  • 丛书相关作品
  • 出版社相关作品

书目信息

  • 表格格式
  • 工作单格式
  • 卡片格式
题名:
拓扑空间论
    
 
作者: 儿玉之宏 , 永见启应 著 ;方嘉琳 译
分册:  
出版信息: 北京   科学出版社  2001
页数: 10,412页
开本: 20cm
丛书名: 数学名著译丛
单 册:
中图分类: O189.3 , O189.11
科图分类:
主题词: 解析拓扑学
电子资源:
ISBN: 7-03-009079-9
000 00937oam2 2200277 45
001 012001073219
005 20060524085706.37
010    @a7-03-009079-9@dCNY30.00
100    @a20010913d2001 emky0chiy0110 ea
101 1  @achi@cjpn
102    @aCN@b110000
105    @ay z 001yy
200 1  @a拓扑空间论@Atuo pu kong jian lun@f(日)儿玉之宏,永见启应著@F(Ri)Er Yu Zhi Hong,Yong Jian Qi Ying Zhu@g方嘉琳译
210    @a北京@c科学出版社@d2001
215    @a10,412页@d20cm
225 2  @a数学名著译丛
330    @a本书内容为:拓扑空间、积空间、仿紧空间、紧空间、一致空间、复形和扩张子、逆极限和展开定量、Arhangel'skil空间、商空间和映射空间、可数可乘空间族等。
410    @12001 @a数学名著译丛
606 0  @a解析拓扑学
690    @aO189.3@v4
690    @aO189.11@v3
701  0 @a儿玉之宏@4著
701  0 @a永见启应@4著
702  0 @a方嘉琳@Afang jia lin@4译
801  0 @aCN@bNLC@c20060524
905    @f5@b347583-587@dO189.11@e12
    
    拓扑空间论/(日)儿玉之宏,永见启应著/方嘉琳译.-北京:科学出版社,2001
    10,412页;20cm.-(数学名著译丛)
    
    
    ISBN 7-03-009079-9:CNY30.00
    本书内容为:拓扑空间、积空间、仿紧空间、紧空间、一致空间、复形和扩张子、逆极限和展开定量、Arhangel'skil空间、商空间和映射空间、可数可乘空间族等。
●
相关链接 在E读中查询图书 在五车中查询图书 在当当中查询图书 在豆瓣中查询图书


正题名:拓扑空间论     索取号:O189.11/12         预约/预借

序号 登录号 条形码 馆藏地/架位号 状态 备注
1 0347583   203475836   第二样本阅览室/ [索取号:O189.11/12] 在馆    
2 0347584   203475845   第三借阅区/ [索取号:O189.11/12] 在馆    
3 0347585   203475854   第三借阅区/ [索取号:O189.11/12] 在馆    
4 0347586   203475863   第三借阅区/ [索取号:O189.11/12] 在馆    
5 0347587   203475872   第三借阅区/ [索取号:O189.11/12] 在馆    
6 0357481   3574812   第三借阅区/ [索取号:O189.11/12] 在馆    
7 0357482   3574821   第三借阅区/ [索取号:O189.11/12] 在馆    
8 0357483   3574830   第三借阅区/ [索取号:O189.11/12] 在馆    
9 0357484   3574849   第三借阅区/ [索取号:O189.11/12] 在馆    
10 0357485   3574858   第三借阅区/ [索取号:O189.11/12] 在馆    
唐山师范学院图书馆 欢迎您!
大连网信软件有限公司© 版权所有